Stemmi Squadre di calcio dal dettaglio - Quiz n°8 - Statistics

Statistiche generali
  • Questo quiz è stato fatto 11 volte
  • Il punteggio medio è 4 su 10
Statistiche sulle risposte
con Immagini Risposta % Corretto
Amburgo
100%
Como
73%
Al-Nassr
64%
Palmeiras
45%
Vasco da Gama
45%
St. Pauli
27%
AEL Limassol
9%
LDU
9%
Atletico Nacional
0%
Atletico Paranaense
0%
Nessun quiz corrispondente trovato
Distribuzione punteggi
Percentuale di utenti per punteggio
Percentile per numero di risposta
I tuoi punteggi nel tempo
Non hai fatto questo quiz